Catálogo público

Control of arthropod pest of livestok : (Record no. 206139)

MARC details
000 -CABECERA
campo de control de longitud fija 00993nam a2200313Ia 4500
001 - NÚMERO DE CONTROL
campo de control Para_7253
003 - IDENTIFICADOR DEL NÚMERO DE CONTROL
campo de control CHAP
008 - DATOS DE LONGITUD FIJA--INFORMACIÓN GENERAL
campo de control de longitud fija 220125s1988 xx 000 0 und d
010 ## - NÚMERO DE CONTROL DE LA BIBLIOTECA DEL CONGRESO
Número de control de LC 206139
040 ## - FUENTE DE LA CATALOGACIÓN
Centro/agencia transcriptor CHAP
082 ## - NÚMERO DE LA CLASIFICACIÓN DECIMAL DEWEY
Número de clasificación PA 636.0896968 D7
100 ## - ENTRADA PRINCIPAL--NOMBRE DE PERSONA
Nombre de persona Drummod, Roger O.
9 (RLIN) 34268
245 ## - MENCIÓN DE TÍTULO
Título Control of arthropod pest of livestok :
Resto del título a review of technology /
Mención de responsabilidad, etc. by Roger O. Drummod, John E. George and Sidney E. Kunz
260 ## - PUBLICACIÓN, DISTRIBUCIÓN, ETC.
Lugar de publicación, distribución, etc. Boca Raton, Fla. :
Nombre del editor, distribuidor, etc. CRC
300 ## - DESCRIPCIÓN FÍSICA
Extensión 245 p.
650 ## - PUNTO DE ACCESO ADICIONAL DE MATERIA--TÉRMINO DE MATERIA
Término de materia o nombre geográfico como elemento de entrada Animales domésticos
Subdivisión general plagas
9 (RLIN) 5912
650 ## - PUNTO DE ACCESO ADICIONAL DE MATERIA--TÉRMINO DE MATERIA
Término de materia o nombre geográfico como elemento de entrada Control biológico de insectos
9 (RLIN) 27582
650 ## - PUNTO DE ACCESO ADICIONAL DE MATERIA--TÉRMINO DE MATERIA
Término de materia o nombre geográfico como elemento de entrada Entomología económica
9 (RLIN) 37145
650 ## - PUNTO DE ACCESO ADICIONAL DE MATERIA--TÉRMINO DE MATERIA
Término de materia o nombre geográfico como elemento de entrada Ganado
Subdivisión general parásitos
9 (RLIN) 44939
650 ## - PUNTO DE ACCESO ADICIONAL DE MATERIA--TÉRMINO DE MATERIA
Término de materia o nombre geográfico como elemento de entrada Parasitología veterinaria
9 (RLIN) 85475
700 ## - PUNTO DE ACCESO ADICIONAL--NOMBRE DE PERSONA
Nombre de persona George, John E. / Kunz, Sidney E.
9 (RLIN) 172337
901 ## - ELEMENTOS DE DATOS A LOCAL LDA (RLIN)
a PA 636.0896968 D7
902 ## - ELEMENTOS DE DATOS B LOCAL, LDB (RLIN)
a A
905 ## - ELEMENTOS DE DATOS E LOCAL, LDE (RLIN)
a 0000001988 0000000000 00
910 ## - DATOS DE OPCIÓN DEL USUARIO (OCLC)
Datos de opción del usuario 1988
942 ## - ELEMENTOS DE PUNTO DE ACCESO ADICIONAL (KOHA)
Tipo de ítem Koha Parasitologia_
942 ## - ELEMENTOS DE PUNTO DE ACCESO ADICIONAL (KOHA)
Tipo de ítem Koha Parasitologia_
-- 1
Holdings
Estado de retiro Estado de pérdida Fuente del sistema de clasificación o colocación Estado dañado Restricciones de uso No para préstamo Código de colección Localización permanente Ubicación/localización actual Fecha de adquisición Número de inventario Total de préstamos Signatura topográfica completa Código de barras Fecha visto por última vez Número de copia Precio válido a partir de Tipo de ítem Koha Nota pública
    Dewey Decimal Classification   Préstamo interno   General Parasitologia Agricola Parasitologia Agricola 27/10/2005 (PA_4043) (No. UACh 155419)   PA 636.0896968 D7 4102003829 25/01/2022 Ej.1 25/01/2022 Libro 3